[Event "SLO-ch U16"]
[Site "Murska Sobota"]
[Date "2013.02.23"]
[Round "1"]
[White "Krcmar, Aleksander"]
[Black "Bratkovic, Sham"]
[Result "0-1"]
[WhiteElo "1591"]
[BlackElo "1957"]
[PlyCount "94"]
[EventDate "2013.02.23"]
[EventType "swiss"]
[EventRounds "9"]
[EventCountry "SLO"]
[SourceTitle "EXT 2022"]
[Source "ChessBase"]
[SourceDate "2021.10.06"]
[SourceVersion "1"]
[SourceVersionDate "2021.10.06"]
[SourceQuality "1"]

1. e4 c5 2. c3 Nf6 3. e5 Nd5 4. Nf3 e6 5. Bc4 d6 6. d4 cxd4 7. cxd4 Nc6 8. Nc3 Nxc3 9. bxc3 Qa5 10. Bb2 dxe5 11. 0-0 Be7 12. Re1 Bf6 13. Qe2 exd4 14. cxd4 0-0 15. Ne5 Rd8 16. d5 Ne7 17. dxe6 Bxe6 18. Bxe6 fxe6 19. Nc4 Qf5 20. Bxf6 Qxf6 21. Qxe6+ Qxe6 22. Rxe6 Kf7 23. Rae1 Nf5 24. g4 Nd4 25. Re7+ Kf8 26. R1e4 Rac8 27. Na5 b6 28. Nb3 Nxb3 29. axb3 Re8 30. Rxe8+ Rxe8 31. Rxe8+ Kxe8 32. f4 Kd7 33. Kf2 Kd6 34. Ke3 Kd5 35. f5 Ke5 36. Kd3 Kf4 37. h3 h6 38. Kc4 Kg3 39. Kb5 Kxh3 40. Ka6 Kxg4 41. b4 h5 42. b5 h4 43. Kxa7 h3 44. Kxb6 h2 45. Kc7 h1Q 46. b6 Kxf5 47. b7 Qxb7+ 0-1

[Event "Sentjur Ipavec Memorial 13th"]
[Site "Sentjur"]
[Date "2012.09.24"]
[Round "7"]
[White "Amon, Nejc"]
[Black "Krcmar, Aleksander"]
[Result "1/2-1/2"]
[WhiteElo "1798"]
[BlackElo "1472"]
[PlyCount "79"]
[EventDate "2012.09.19"]
[EventType "swiss"]
[EventRounds "9"]
[EventCountry "SLO"]
[SourceTitle "EXT 2015"]
[Source "ChessBase"]
[SourceDate "2014.11.20"]
[SourceVersion "1"]
[SourceVersionDate "2014.11.20"]
[SourceQuality "1"]

1. e4 c5 2. c3 d5 3. exd5 Qxd5 4. d4 cxd4 5. cxd4 Nc6 6. Nf3 Nf6 7. Nc3 Qd6 8. Be3 Bg4 9. Be2 e6 10. 0-0 Be7 11. Qd2 0-0 12. Rad1 Rad8 13. Rfe1 Qc7 14. Qc2 Bf5 15. Qb3 a6 16. a3 b5 17. Rd2 Ng4 18. Bd3 Bxd3 19. Rxd3 Bd6 20. h3 Nxe3 21. Rexe3 Na5 22. Qa2 Nc4 23. Re1 b4 24. axb4 Bxb4 25. Rc1 Qf4 26. Ne2 Qe4 27. Qxc4 Qxe2 28. Rdd1 Qxc4 29. Rxc4 a5 30. Ne5 Rd5 31. Kf1 f6 32. Nc6 Rb5 33. Nxb4 Rxb4 34. Rxb4 axb4 35. Ke2 Kf7 36. Rc1 Rb8 37. Rc7+ Kg6 38. Rc6 Kf7 39. Rc7+ Kg6 40. Rc6 1/2-1/2

[Event "Sentjur Ipavec Memorial 13th"]
[Site "Sentjur"]
[Date "2012.09.23"]
[Round "6"]
[White "Krcmar, Aleksander"]
[Black "Leonardi, Caterina"]
[Result "0-1"]
[WhiteElo "1472"]
[BlackElo "1877"]
[PlyCount "88"]
[EventDate "2012.09.19"]
[EventType "swiss"]
[EventRounds "9"]
[EventCountry "SLO"]
[SourceTitle "EXT 2015"]
[Source "ChessBase"]
[SourceDate "2014.11.20"]
[SourceVersion "1"]
[SourceVersionDate "2014.11.20"]
[SourceQuality "1"]

1. e4 e6 2. d4 d5 3. Nd2 dxe4 4. Nxe4 Bd7 5. Nf3 Bc6 6. Bd3 Nd7 7. 0-0 Ngf6 8. Re1 Nxe4 9. Bxe4 Bxe4 10. Rxe4 Nf6 11. Re2 Be7 12. Bf4 0-0 13. c3 c6 14. Qb3 b5 15. Rae1 Nd5 16. Bg3 Bd6 17. Ne5 Qc7 18. Nd3 a5 19. Qc2 Qd7 20. Nc5 Qe7 21. Nxe6 Rfc8 22. Nf4 Qg5 23. Nxd5 Qxd5 24. Bxd6 Qxd6 25. Qf5 g6 26. Qf3 b4 27. Re7 Rf8 28. Rb7 bxc3 29. Qxc3 Rfb8 30. Ree7 Rxb7 31. Rxb7 Qd5 32. Qb3 Re8 33. h3 Re1+ 34. Kh2 Qd6+ 35. g3 Qf6 36. Kg2 Qf5 37. Qf3 Rg1+ 38. Kxg1 Qxf3 39. Ra7 Qd5 40. a3 Qxd4 41. Rxa5 Qxb2 42. a4 Kg7 43. Ra7 Qb1+ 44. Kg2 Qb6 0-1

[Event "Sentjur Ipavec Memorial 13th"]
[Site "Sentjur"]
[Date "2012.09.22"]
[Round "5"]
[White "Bratkovic, Jakob"]
[Black "Krcmar, Aleksander"]
[Result "1-0"]
[WhiteElo "1932"]
[BlackElo "1472"]
[PlyCount "87"]
[EventDate "2012.09.19"]
[EventType "swiss"]
[EventRounds "9"]
[EventCountry "SLO"]
[SourceTitle "EXT 2015"]
[Source "ChessBase"]
[SourceDate "2014.11.20"]
[SourceVersion "1"]
[SourceVersionDate "2014.11.20"]
[SourceQuality "1"]

1. e4 c5 2. Nf3 d6 3. d4 cxd4 4. Nxd4 Nf6 5. Nc3 a6 6. Be3 e5 7. Nf3 Be7 8. Bc4 0-0 9. 0-0 b5 10. Bb3 Bb7 11. Nd5 Nbd7 12. a4 Nxd5 13. Bxd5 Bxd5 14. Qxd5 Nf6 15. Qd3 Qd7 16. Bg5 h6 17. Nxe5 Qe6 18. Bxf6 Bxf6 19. Nf3 Bxb2 20. Rab1 Bf6 21. axb5 a5 22. b6 Rfb8 23. Rfd1 a4 24. Qxd6 Qxe4 25. Re1 Qb7 26. Ne5 a3 27. Nd7 a2 28. Nxb8 axb1Q 29. Rxb1 Rxb8 30. c4 Rd8 31. Qc7 Qe4 32. Rf1 Re8 33. b7 Be5 34. Qc8 Bf4 35. g3 Bb8 36. Rd1 Kh7 37. c5 Qe6 38. Qxe6 fxe6 39. c6 Kg6 40. Rd7 Rf8 41. c7 Ba7 42. c8Q Rxf2 43. b8Q Rb2+ 44. Qxa7 1-0